| 000 | 00486nam a2200169 i 4500 | ||
|---|---|---|---|
| 001 | 101487 | ||
| 003 | ES-MaACL | ||
| 005 | 20230906182923.0 | ||
| 007 | t| | ||
| 008 | 051019q19001999sp ||||1| spa d | ||
| 100 | 1 |
_aMeabe, Tomás. _979619 |
|
| 245 | 1 | 0 |
_aFábulas del errabundo / _cTomás Meabe; prólogo de Julián Zugazagoitia. |
| 260 |
_aMadrid : _bRivadeneyra, _c[19-?] |
||
| 300 |
_a242 p. ; _c19 cm. |
||
| 700 | 1 |
_aZugazagoitia, Julián. _9118437 |
|
| 852 |
_aES-MaACL _jA-3622 |
||
| 999 |
_c101487 _d101487 |
||